000 00391nam a2200145Ia 4500
008 090122s9999 xx 000 0 und d
082 _b6686
_aO155:W
100 _aमांडके
_bअलका
245 _aहृदयस्थ
600 _aमांडके
630 _aहृदयस्थ
700 _aमांडके
730 _aहृदयस्थ
942 _cBOOK
999 _c30763
_d30763